Uplatnenie zliatin ľahkých kovov pri tvárnení

Guardado en:
Detalles Bibliográficos
Autor principal: Olgyay, Richard (Autor)
Otros Autores: Bílik, Jozef (Orientador)
Formato: Manuscrito Libro
Lenguaje:eslovaco
Publicado: 2025
Materias:
Acceso en línea:http://is.stuba.sk/zp/portal_zp.pl?podrobnosti=183855
Etiquetas: Agregar Etiqueta
Sin Etiquetas, Sea el primero en etiquetar este registro!

MARC

LEADER 00000ntm a22000003a 4500
001 stuzp103616
003 SK-STU
005 20250614212107.3
007 ta
008 150427s2015----xo-----f-mn---000-0-slo-d
040 |a STU  |b slo 
041 0 |a slo 
100 1 |a Olgyay, Richard  |u 063000  |4 aut  |U MTF Materiálovotechnologická fakulta  |T MTF Ústav výrobných technológií  |X 111880  |U M3000  |Y 83  |7 111880 
242 0 1 |a Application of light metal alloys in forming  |y eng 
245 1 0 |a Uplatnenie zliatin ľahkých kovov pri tvárnení 
260 |c 2025 
650 4 |a formability tests  |2 eng 
650 4 |a magnesium  |2 eng 
650 4 |a aluminium  |2 eng 
650 4 |a formability  |2 eng 
650 4 |a plasticity  |2 eng 
650 4 |a skúšky tvárniteľnosti  |2 slo 
650 4 |a hliník  |2 slo 
650 4 |a horčík  |2 slo 
650 4 |a Tvárniteľnosť  |2 slo 
650 4 |a Plasticita  |2 slo 
700 1 |a Bílik, Jozef  |u 063400  |k Z1  |4 ths  |U MTF Ústav výrobných technológií  |T MTF Katedra tvárnenia kovov a plastov  |X 1547  |U M3400  |Y 163  |7 A000001547 
856 4 |u http://is.stuba.sk/zp/portal_zp.pl?podrobnosti=183855 
996 |c M* DP-15618  |l MMSKP  |s P  |a 0  |w stuzp103616_0001